000
00289nam a2200121Ia 4500
008
191201s2009 xx 000 0 und d
100
_a
CARSWELL, Row
245
0
_a
Parallel Operating System
260
_b
Cengage Learning
_c
2009
300
_a
436
650
_a
B.Tech(CSE)
942
_2
ddc
_c
BK
999
_c
6885
_d
6885